| 000 | 00460cam a22001577a 4500 | ||
|---|---|---|---|
| 008 | 180718b1985 xxu||||| |||| 00| 0 eng d | ||
| 082 | _aAB45 D26 | ||
| 100 | _aDas, Sunil Kumar | ||
| 245 |
_aSri Chaitanya and Guru Nanak : a comparative study of Vaisnavism and Sikhism _cby Sunil Kumar Das |
||
| 260 |
_aCalcutta _bRavindra Bharati Univ. _c1985 |
||
| 300 | _a359p. | ||
| 650 | _aGuru Nanak | ||
| 650 | _aSikhism | ||
| 650 | _aVaisnavism | ||
| 650 | _aHinduism | ||
| 999 |
_c374624 _d374624 |
||